LEADER 01132nam1 2200385 450 001 990002237310203316 005 20071012103813.0 035 $a000223731 035 $aUSA01000223731 035 $a(ALEPH)000223731USA01 035 $a000223731 100 $a20041203f--------km-y0itay50------ba 101 0 $aita 102 $aIT 105 $aa|||||||001yy 200 1 $aGuida all'alimentazione$fEmanuele Djalma Vitali 210 $aRoma$cEditori riuniti 215 $av.$cill.$d21 cm 225 2 $a<> milione 410 0$12001$a<> milione 463 \1$1001990002987740203316$12001 $a<<1>> : <> nutrizione 606 0 $aAlimentazione 676 $a641.1 700 1$aVITALI,$bEmanuele Djalma$0485089 801 0$aIT$bsalbc$gISBD 912 $a990002237310203316 951 $a641.1 VIT/$bL.M.$c641.1 959 $aBK 969 $aFAR 979 $aACQUISTI$b10$c20041203$lUSA01$h1257 979 $aANNAMARIA$b90$c20071012$lUSA01$h1036 979 $aANNAMARIA$b90$c20071012$lUSA01$h1037 979 $aANNAMARIA$b90$c20071012$lUSA01$h1038 996 $aGuida all'alimentazione$91034664 997 $aUNISA LEADER 01018nam0-2200337---450- 001 990008421490403321 005 20070910154510.0 010 $a0-7923-2983-X 035 $a000842149 035 $aFED01000842149 035 $a(Aleph)000842149FED01 035 $a000842149 100 $a20061117d1994----km-y0itay50------ba 101 0 $aeng 102 $aUS 105 $aa-------001yy 200 1 $aAdvances in robot kinematics and computational geometry$fedited by Jadran Lenarcic and Bahram Ravani 210 $aBoston$cKluver Academic Publishers$dc1994 215 $aV, 213 p.$cill.$d25 cm 610 0 $aCinematica dei robot 610 0 $aGeometria computazionale 676 $a629.8'92 702 1$aLenarcic,$bJadran$f<1955- > 702 1$aBahram,$bRavani 801 0$aIT$bUNINA$gRICA$2UNIMARC 901 $aBK 912 $a990008421490403321 952 $a10 D III 797$bDIEL 3475$fDINEL 959 $aDINEL 996 $aAdvances in robot kinematics and computational geometry$9726156 997 $aUNINA